Discographie d'Huntrill - Statistiques

Statistiques générales
  • Ce quiz a été pris 28 fois
  • Le résultat moyen est 16 sur 48
Statistiques - réponses
Réponse % Correct
Le biff et moi
78%
Bitcoin
74%
NOUVEAU PLUG
74%
DYBALA
74%
TRISTESSE QUI COUTE CHER
74%
MAASTRICHT
70%
REPLICA44
65%
Le jour de la signature
61%
a.k.a MARGI
57%
APPUIE-TETE
57%
LV dans Le BOLT
57%
STRIP
57%
SUPPLIER
48%
tarif groupé
48%
HO HISSE!
43%
Margiela
43%
Rep FREDO SANTANA
43%
WHOLE LOTTA RACKsss
43%
J'RECOMPTE
39%
MONOGRAMME
39%
Rotschild Flow
39%
FRRRSCHT.bip
35%
Margiela Au Pluriel
35%
SUR LE DOS
30%
zigZag.
30%
longueDistance.
26%
distrokid.
22%
pasSommeil.
22%
Le Plug
17%
SLS
17%
amiri.
13%
C'est Fait
13%
faux9.
13%
martyByrde.
13%
Riche Pas Honnête
13%
TERMINAL7
13%
addict.
9%
BMPA
9%
caj.
9%
Tesla
9%
Edition Limitée
9%
PTSD
9%
sectaire.
9%
thugFeelings.
9%
2.55 (Fuck la Drill 3)
4%
AlexHunter Wang
4%
Brille la night
4%
Nouveau Schlass
4%
Aucun quiz correspondant
Distribution des résultats
% des personnes avec chaque résultat
Percentile par nombre de réponses
Votre historique - résultats
Vous n’avez pas pris ce quiz